1784 1931 1049 1050 1864 1854 1230 1879 1072 1169 1133 1825 1549 1016 1823 1071 1890 1376 1014 1506 1116 1917 1737 1255 1921 1641 1456 1538 1593 1188 1399 1022 1262 1227 1825 1154 1092 1287 1868 1640 1967 1843 1746 1428 1936 1754 1877 1623 1174 1415 1583 1939 1641 1506 1769 1297 1426 1158 1520 1510 1203 1790 1040 1218 1263 1212 1202 1522 1377 1353 1173 1881 1790 1771 1625 1765 1546 1908 1968 1800 1759 1076 1163 1805 1627 1686 1808 1400 1605 1907 1453 1058 1226 1585 1091 1424 1397 1811 1098 BCNSPRNW ULIB Ver.6.0+V

เปลี่ยนเป็นภาษาไทย

Change to English
 แสดงรายละเอียดบรรณานุกรม
  กลับหน้าหลัก

Brief Record : Get Marc (ISO 2709) : E-mail record : QR code < ปิดหน้าต่าง
LEADER : 00000nam 2200000uu 4500
001    13399111677
003     ULIB
008    110705s2552||||th 000 0 tha d
020    9789746386227
090    นว^bพ111ก 2552
100 0  enjoy eating
245 00 กิ๊กรักวัดใจยัยทอมบอย/^cenjoy eating
250    พิมพ์ครั้งที่ 1
260    กรุงเทพฯ:^bO2Love,^c2552
300    246 หน้า
945    ^p185^l0^i15774
995    กัณชพร
999 ^a ใช้งานได้ทุกระบบ
รายการนี้ยังไม่มีแท็ก
คุณยังไม่ได้ล็อกอิน คุณสามารถมีกิจกรรมร่วมกับเว็บไซต์ได้ แต่ต้องล็อกอินก่อน ::
  ล็อกอิน

รายการสื่อสารสนเทศ

ลำดับที่ ประเภท เลขเรียก/บาร์โค้ด สถานที่ สถานะ
1. วิทยาศาสตร์การแพทย์ และสุขภาพ
วิทยาศาสตร์การแพทย์ และสุขภาพ
นว พ111ก 2552  
  Barcode: 15774
ห้องสมุดวิทยาเขตสวรรค์ประชารักษ์
►นวนิยาย
บนชั้น
  ขอยืม

BibComment


ยังไม่เคยถูกคอมเมนท์

คอมเมนท์ทรัพยากรรายการนี้
  คอมเมนท์: กิ๊กรักวัดใจยัยทอ..


 Copyright 2026. Bcnsprnw @Library